| LEADER |
01098nam0a2200217 450 |
| 001 |
16832029 |
| 010 |
|
|
|a 978-2-267-02497-5
|b br.
|d 18
|
| 100 |
|
|
|a 20131231d2013 u u0frey01 ba
|
| 101 |
1 |
|
|a fre
|c ger
|
| 102 |
|
|
|a FR
|
| 200 |
0 |
|
|a temps, le temps (Le)
|f Martin Suter
|g traduit de l'allemand par Olivier Mannoni
|
| 207 |
|
1 |
|a
|
| 210 |
|
|
|a [Paris]
|c C. Bourgois
|d 2013
|
| 215 |
|
|
|a 1 vol. (317 p.)
|c couv. ill. en coul.
|d 20 cm
|
| 330 |
|
|
|a Peter Taler vient de perdre sa femme Laure, morte d'une balle dans le dos, au bas de leur immeuble. Un meurtre sans témoin. Peter décide de mener sa propre enquête. Il fait alors la connaissance de son voisin, Knupp, un homme original. Ce dernier l'entraîne dans un projet fou : reconstituer, à l'aide d'instruments d'optique et de mesure, les instants qui ont précédé la mort de Laura.
|
| 606 |
0 |
|
|a Littérature allemande
|
| 700 |
|
0 |
|a Suter
|b Martin
|f 1948-....
|4 70
|
| 702 |
|
0 |
|a Mannoni
|b Olivier
|f 1960-....
|4 730
|
| 900 |
|
|
|a Roman
|
| 901 |
|
|
|a Adultes
|
| 995 |
|
|
|a Médiathèque
|c Médiathèque
|f 089012883
|h 089012883
|k R SUT
|o p
|q a
|r az
|e Médiathèque
|